ARRUPE JESUIT UNIVERSITY

CORONAVIRUS -STOP THE SPREAD - CLEAN,DISINFECT,COVER

The Formation of the New Testament Canon (Record no. 24438)

MARC details
000 -LEADER
fixed length control field 00579nam a2200229Ia 4500
003 - CONTROL NUMBER IDENTIFIER
control field 0100
008 - FIXED-LENGTH DATA ELEMENTS--GENERAL INFORMATION
fixed length control field 130303s9999 xx 000 0 und d
040 ## - CATALOGING SOURCE
Transcribing agency ARRUPELIB
050 ## - LIBRARY OF CONGRESS CALL NUMBER
Classification number BS2330.2.F221983
100 ## - MAIN ENTRY--PERSONAL NAME
Personal name Farmer, William R
245 #4 - TITLE STATEMENT
Title The Formation of the New Testament Canon
245 ## - TITLE STATEMENT
Remainder of title An Ecumenical Approach
260 ## - PUBLICATION, DISTRIBUTION, ETC. (IMPRINT)
Place of publication, distribution, etc Ramsey, New Jersey
260 ## - PUBLICATION, DISTRIBUTION, ETC. (IMPRINT)
Name of publisher, distributor, etc Paulist Press
260 ## - PUBLICATION, DISTRIBUTION, ETC. (IMPRINT)
-- 1983
300 ## - PHYSICAL DESCRIPTION
Extent 182p
650 ## - SUBJECT ADDED ENTRY--TOPICAL TERM
Topical term following geographic name as entry element Philosophy of nature
650 ## - SUBJECT ADDED ENTRY--TOPICAL TERM
Location of event Ethics
650 ## - SUBJECT ADDED ENTRY--TOPICAL TERM
Active dates Philosophical anthropology
700 ## - ADDED ENTRY--PERSONAL NAME
Personal name Farkasfalvy, Denis M
942 00 - ADDED ENTRY ELEMENTS (KOHA)
Koha issues (borrowed), all copies 1
Holdings
Withdrawn status Lost status Source of classification or shelving scheme Damaged status Not for loan Collection code Home library Current library Shelving location Date acquired Total Checkouts Full call number Barcode Date last seen Date checked out Copy number Price effective from Koha item type
    Library of Congress Classification     Main Collection ARRUPE LIBRARY ARRUPE LIBRARY   04/03/2013 1 BS2330.2.F221983 46003020150 07/12/2016 19/08/2014 1 04/03/2013 Monograph ( Printed materials)

 

Arrupe Library. PO Box MP320 Mt Pleasant, Harare, Zimbabwe
263 242 745411|librarian@aju.ac.zw